| 000 | 00533nam a22001817a 4500 | ||
|---|---|---|---|
| 999 |
_c172842 _d172842 |
||
| 005 | 20200213145646.0 | ||
| 010 | _aENG-127735 | ||
| 020 |
_c300.00 _a9789388927338 |
||
| 035 | _aEN-111267 | ||
| 037 | _bDBAD/PUB | ||
| 082 | _a372.358 | ||
| 100 | _aImran Khan | ||
| 245 |
_aContemporary Scenario of ELT in Engineering/ _cby Imran Khan |
||
| 260 |
_aAhmedabad _c2019 _bVedant Publication |
||
| 270 |
_aRajkot, Ahmedabad, Surat _e360001 _bAhmedabad |
||
| 300 |
_a120p. _b21cm(pbk) |
||
| 942 |
_2ddc _cEN _h372.358 _mIMR |
||